00418nam a2200121Ia 4500008004100000100002200041245006800063245008100131260001300212260000900225300002100234440004100255170419s9999 xx 000 0 und d aCastner, Jessica. aStrengthening the role of nurses in medical device development  cJessica Castner, Suzanne S. Sullivan, Albert H. Titus, and Karen J. Klingman bElsevier c2016 aJuly/August 2016 aJournal of Profesional Nursingv32:4